Statistiques concernant Prague - Culture générale

Cliquez ici pour prendre le quiz!

Statistiques générales

  • Ce quiz a été pris 407 fois
  • Le résultat moyen est 8 sur 15

Statistiques - réponses

InformationRéponse% Correct
Nom local de PraguePraha
74%
Région historique dont Prague fut la capitaleB{ohême}
72%
"Révolution" constitutionnel pour un socialisme à visage humain, réprimé par l'URSS{Printemps} de Prague
64%
Écrivain juif auteur de La MétamorphoseFranz Kafka
63%
Surnom employé pour désigner PragueVille au cent {clochers}
63%
Industriel tchèque, connu pour ses automobilesŠkoda
61%
Plus célèbre pont qui "lie Est et Ouest"Pont {Charles}
55%
Petits personnages utilisés au théâtre iciMarionnettes
49%
Massif bâtiment où rois et présidents se sont succédésChâteau de Prague
48%
Nom du club de football et de hockey les plus connus{Sparta} Prague
48%
Moyen de transport typique exploité par cette marqueTramway
48%
"Matière" qui définit la révolution menant à la chute du communismeRévolution de {Velours}
41%
Activité que semble faire une maison de Frank Gehry et Vlado MilunićDanse
24%
Rivière qui passe sous ce pontVltava
24%
Événement anti-Habsbourg menant à la guerre de Trente Ans{Défenestration} de Prague
18%

Distribution des résultats

Percentile par nombre de réponses

% des personnes avec chaque résultat

Votre développement - résultats

Vous n’avez pas pris ce quiz